000 00802cam a22002533a 4500
001 25022
003 PGUSA
005 20140828083534.0
008 080408s2008||||xxu|||||s|||||000 | eng d
040 _aPGUSA
_beng
042 _adc
050 4 _aF2155
100 1 _aCollins, Daniel
245 1 0 _aNarrative of the shipwreck of the brig Betsey, of Wiscasset, Maine, and murder of five of her crew, by pirates, :
_bon the coast of Cuba, Dec. 1824.
_h[electronic resource] /
_cDaniel Collins
260 _bProject Gutenberg,
_c2008
506 _aPublic domain in the USA.
516 _aElectronic text
653 _aPirates
653 _aCaribbean Area -- History
653 _aShipwrecks
830 0 _aProject Gutenberg
_v25022
856 4 0 _uhttp://www.gutenberg.org/ebooks/25022
942 _cEB
999 _c254277
_d254277